00798cam a22002531 4500001001300000003000400013005001700017008004100034010001700075020001200092025002000104035002000124040001800144042001200162050001600174100004100190245007200231260013300303300001900436500001600455504003100471650002500502999001700527sa 68005232 DLC20260227112507.0870212s1967 bg b 000 0 benr  asa 68005232  cRs 2.25 aPL480:EP-B-1441 a(OCoLC)23580876 aDLCcMiUdDLC apremarc00aD199.3b.Q31 aQuasem, Mohammad Abul,d1920-ecomp.10aEkamātra patha.cSampādanāẏaḥ Mohāmmada Ābula Kasema. a[Ḍhākā,bPākistāna tamadduna majalimera pakshe Mohāmmada Nurannabī; paribeśaneḥ Kāmarula Āhamāna,c1967] a157 p.b22 cm. aIn Bengali. aBibliographical footnotes. 0aIslamic civilization c80591d80591